000 01213cam a2200289 4500
008 #DATE n2003 000 0 eng u
020 _a0750658630
035 _a(Sirsi) u121670
041 _aeng
050 _a690.241
_c18
100 _aFeilden, Bernard M.
245 _aConservation of historic buildings
250 _a3rd ed.
260 _aOxford
_bArchitectural Press
_c2003
300 _axiv, 388p.
_bill.
_c30cm.
350 _a34.99
520 _aThird edition of this standard text for architects and others involved in the conservation of historic structures. Covers structural aspects of historic buildings, causes of decay in materials and structure, and the work of the conservation architect. Includes new sections on the conservation of Modern Movement buildings and non-destructive investigation. Bibliography.
520 _aSupersedes second edition (ISBN 075061739X).
650 _aARCHITECTURAL CONSERVATION
650 _aHISTORIC BUILDINGS
650 _aMODERN MOVEMENT
650 _aBUILDING STRUCTURES
650 _aNON-DESTRUCTIVE TECHNIQUES
650 _aDECAY
690 _aBUILT ENVIRONMENT-BUILDING MAINTENANCE AND REFURBISHMENT-BUILDING CONSERVATION
942 _n0
999 _c102700
_d102700